<?xml version="1.0" encoding="UTF-8"?>
<record
    xmlns:xsi="http://www.w3.org/2001/XMLSchema-instance"
    xsi:schemaLocation="http://www.loc.gov/MARC21/slim http://www.loc.gov/standards/marcxml/schema/MARC21slim.xsd"
    xmlns="http://www.loc.gov/MARC21/slim">

  <leader>02273nab a2200313 i 4500</leader>
  <controlfield tag="003">BR-BrBNA</controlfield>
  <controlfield tag="005">20260427112113.0</controlfield>
  <controlfield tag="008">260427b2019    bl.qr|pooa||| 00| 0 eng |</controlfield>
  <datafield tag="040" ind1=" " ind2=" ">
    <subfield code="a">BR-BrBNA</subfield>
    <subfield code="b">eng</subfield>
  </datafield>
  <datafield tag="072" ind1=" " ind2=" ">
    <subfield code="a">K10</subfield>
  </datafield>
  <datafield tag="072" ind1=" " ind2=" ">
    <subfield code="a">P33</subfield>
  </datafield>
  <datafield tag="100" ind1=" " ind2=" ">
    <subfield code="a">Gomes J&#xFA;nior, Di&#xEA;go </subfield>
  </datafield>
  <datafield tag="100" ind1=" " ind2=" ">
    <subfield code="a">Caldeira, Marcos Vinicius Winckler </subfield>
  </datafield>
  <datafield tag="100" ind1=" " ind2=" ">
    <subfield code="a">Klippel, Val&#xE9;ria Hollunder </subfield>
  </datafield>
  <datafield tag="100" ind1=" " ind2=" ">
    <subfield code="a">Mendon&#xE7;a, Eduardo De S&#xE1; </subfield>
  </datafield>
  <datafield tag="100" ind1=" " ind2=" ">
    <subfield code="a">Delarmelina, William Macedo </subfield>
  </datafield>
  <datafield tag="100" ind1=" " ind2=" ">
    <subfield code="a">Godinho, Tiago De Oliveira </subfield>
  </datafield>
  <datafield tag="100" ind1=" " ind2=" ">
    <subfield code="a">Rocha, Rafael Luiz Frinhani </subfield>
  </datafield>
  <datafield tag="245" ind1=" " ind2=" ">
    <subfield code="a">Decomposition of Leaf Litter in Semideciduous Submontane Forest, in The Southern State of Esp&#xED;rito Santo</subfield>
  </datafield>
  <datafield tag="500" ind1=" " ind2=" ">
    <subfield code="a">Publica&#xE7;&#xE3;o on-line; Bibliography p. 9-12 (56 ref.); 1 table; 7 illus.; Summary (En)</subfield>
  </datafield>
  <datafield tag="520" ind1=" " ind2=" ">
    <subfield code="a">

ABSTRACT

The objective of this work was to understand the relationship between decomposition of leaf
litter and climatic elements and determine the mineralization of nutrients in the decomposition
process in a fragment of Semideciduous Submontane Forest, located in southern state of of Esp&#xED;rito
Santo. Overall, 84 litterbags were deposited in 12 permanent plots, collecting one litterbag per
plot for 30, 60, 90, 150, 210, 270 and 360 days after the beginning of the experiment. The leaf
material remaining in the litterbag was oven-dried and weighed, with later analysis of nutritional
compounds. The leaf litter decomposition rate was 1.42, 75.95% of decomposing litter at the
end of the evaluation period. Mineralization occurred in the following order: K, Corg., Mg, S, P,
N and Ca. There was a positive correlation of average and minimum air temperature, as well as
accumulated precipitation and leaf litter decomposition.

Keywords: nutrient cycling, tropical forests, macronutrients, lignocellulosic compounds.</subfield>
  </datafield>
  <datafield tag="650" ind1=" " ind2=" ">
    <subfield code="a">FLORESTA</subfield>
  </datafield>
  <datafield tag="650" ind1=" " ind2=" ">
    <subfield code="a">MACROELEMENTO</subfield>
  </datafield>
  <datafield tag="650" ind1=" " ind2=" ">
    <subfield code="a">SERAPILHEIRA</subfield>
  </datafield>
  <datafield tag="773" ind1="0" ind2=" ">
    <subfield code="0">2929</subfield>
    <subfield code="9">347954</subfield>
    <subfield code="d">Rio de Janeiro-RJ Instituto de Florestas - UFRRJ 1994</subfield>
    <subfield code="o">2025-0453</subfield>
    <subfield code="t">Floresta e Ambiente (Brazil)</subfield>
    <subfield code="x">1415-0980  /  ISSN 2179-8087 0nline</subfield>
    <subfield code="g">v. 26(special number n.1) p. 9-12; (2019)</subfield>
    <subfield code="w">BR2026001290</subfield>
  </datafield>
  <datafield tag="856" ind1=" " ind2=" ">
    <subfield code="u">https://www.scielo.br/j/floram/a/QP5ZBpx7dbp4qTpnypTSHsR/?format=pdf&amp;lang=en</subfield>
  </datafield>
  <datafield tag="942" ind1=" " ind2=" ">
    <subfield code="c">ANA</subfield>
  </datafield>
  <datafield tag="999" ind1=" " ind2=" ">
    <subfield code="c">341575</subfield>
    <subfield code="d">341575</subfield>
  </datafield>
</record>
